000 00326nam a22001457a 4500
008 230123b ||||| |||| 00| 0 eng d
020 _a9780205011230
041 _aeng
080 _21 EDITION
_a159.9
082 _a159.9 LIN
100 _a25
101 _aPSI
245 _aCLINICAL PSYCHOLOGY
_cLINDEN W
942 _2udc
_cBK
999 _c59237
_d59237